000 01147nam a2200325 a 4500
001 000110875
003 CHAP
005 20230720142539.0
008 141014s2014 mx a |sm |||||||spa d
010 _a107337
011 _a108309
040 _cCHAP
090 _aTesis
100 1 _aRamírez Ramírez, Israel
_9128620
245 1 0 _aVenado cola blanca (Odocoileus virginianus mexicanus Z) y su hábitat en plano grande y Anenecuilco, Morelos
_h[En línea]
_cpor Israel Ramírez Ramírez.
260 _aChapingo, Méx. :
_bEl autor,
_c2014.
500 _aPara ver el contenido del material haga clic en la liga
502 _aTesis (Ing. Agr. Esp. en Zootecnia) -- UACH. Departamento de Zootecnia
590 _aE5652GLJ
_b05
_c20141014
590 _aE5652GLJ
_b05
_c20141014
650 1 4 _aOdocoileus virginianus.
_982732
650 1 4 _aPastoreo.
_985984
650 1 4 _aVenados
_xAlimentación.
_9118664
650 1 4 _aVenados
_xHábitos y conducta.
_9127048
650 1 4 _aVida silvestre.
_9119155
856 _aFinding aid
_uhttp://10.13.5.2/tesis/sist110875.pdf
_zTeclea aquí
901 _aBK
942 _cTESIS
_2ddc
942 _n0
_2ddc
999 _c107337
_d107337